000 00292nam a22001337a 4500
008 170828b xxu||||| |||| 00| 0 eng d
020 _a9780534195304
041 _aeng
080 _a070
100 _a39
101 _aMED
245 _aVISUAL COMMUNICATION
_cLESTER.P.M
942 _2udc
_cBK
999 _c25155
_d25155